Paroles Sanson - Besoin de personne - Statistiques

Statistiques générales
  • Ce quiz a été pris 105 fois
  • Le résultat moyen est 83 sur 112
Statistiques - réponses
Réponse % Correct
besoin
100%
de
98%
je
98%
personne
98%
n'ai
93%
le
87%
pour
82%
ma
80%
m'a
80%
a
78%
me
78%
quand
78%
il
76%
que
76%
sa
76%
vie
75%
moi
71%
rencontrer
71%
tout
71%
j'ai
69%
suis
69%
toute
69%
dit
67%
pris
67%
crois
65%
eu
65%
seule
65%
est
64%
ses
64%
un
64%
vers
62%
fait
60%
toutes
60%
venu
60%
nuits
58%
oui
58%
offert
56%
jour
55%
l'ai
55%
ni
55%
voir
49%
conquis
45%
loi
45%
qu'on
45%
l'amour
44%
raisonne
42%
m'aider
29%
renie
22%
chemin
16%
pleurer
16%
choisir
11%
Aucun quiz correspondant
Distribution des résultats
% des personnes avec chaque résultat
Percentile par nombre de réponses
Votre historique - résultats
Vous n’avez pas pris ce quiz